Los Malos . Proyecto para el nuevo siglo americano

Gespeichert in:
Bibliographische Detailangaben
Format: Text
Schlagworte:
Tags: Tag hinzufügen
Keine Tags, Fügen Sie den ersten Tag hinzu!

MARC

LEADER 00000 a a2200000 04500
001 18272
003
040
245 |a Los Malos . Proyecto para el nuevo siglo americano 
500 |a Fechado 3 de junio de 1997  
650 |a POLITICA EXTERIOR  
650 |a DECLARACIONES  
773 |g número 95; páginas 147-148  
999 |c 23385  |d 23385